Regresaba a las injurias: sin sentido, respíras. Vuelves a las palabras. Confías. Te dibujas en su silencio. Manchas de agua sobre tu lienzo. Dices. /

Shranjeno v:
Bibliografske podrobnosti
Glavni avtor: Flores, María Antonieta, 1960-
Format: Neznan
Jezik:Spanish
Izdano: Caracas, Venezuela: Laberinto, 2009
Teme:
Oznake: Označite
Brez oznak, prvi označite!

MARC

LEADER 000000000a22000000004500
001 001027
008 170621s2009 ve ||||| |||| 00| p spa d
020 |a 9789801238713 
041 0 |a español 
082 |a V861.44  |b F634r 
100 1 |a Flores, María Antonieta,   |c 1960- 
245 1 0 |a Regresaba a las injurias:   |b sin sentido, respíras. Vuelves a las palabras. Confías. Te dibujas en su silencio. Manchas de agua sobre tu lienzo. Dices. /  |c María Antonieta Flores 
260 |a Caracas, Venezuela:   |b Laberinto,   |c 2009 
300 |a 25 páginas 
500 |a Número de inscripción 14059 , 14060, 14061, 14062, 14063, 14064, 14065, 14066, 14067. -- Subtítulo tomado de la cubierta del libro 
650 4 |a LITERATURA VENEZOLANA  |v POESÍA 
942 |2 ddc  |c BK 
999 |c 2153  |d 2153